00436nam a2200157 45000010006000000050017000060080041000230200015000640350003000790410007000821000025000892450069001142600057001833000016002407000022002561736720230411085950.0060907n1997 dr spa  a0719043638  aEN aRoberts, Geoffrey K.1 aEuropean politics today /cGeoffrey K. Roberts, Patricia Hogwood aNew York :bManchester University Press,c1997  axii, 394 p. aHogwood, Patricia